[Event "XXII Open de Gros"]
[Site "Donostia"]
[Date "2012.09.22"]
[Round "3"]
[White "Puga Senar, Fernando"]
[Black "Martinet, Regis"]
[Result "0-1"]
[WhiteElo "1808"]
[BlackElo "2080"]

1.d4 Nf6 2.c4 c5 3.Nf3 g6 4.Nc3 Bg7 5.g3 O-O 6.Bg2 cxd4 7.Nxd4 Nc6 8.Nxc6 
dxc6 9.O-O Qa5 10.Ne4 Be6 11.Nxf6+ Bxf6 12.Qc2 Qb4 13.Bh6 Rfd8 14.b3 Bxa1 
15.Rxa1 Qd6 16.h4 Bf5 17.e4 Bg4 18.Re1 e5 19.Be3 c5 20.f4 Rd7 21.fxe5 Qxe5
22.Qf2 b6 23.Kh2 Rad8 24.Rf1 f6 25.Bf4 Qd4 26.Be3 Qc3 27.Bc1 Rd1 28.Rxd1 
Rxd1 29.Bh6 Qe1 0-1

[Event "XXII Open de Gros"]
[Site "Donostia"]
[Date "2012.09.22"]
[Round "3"]
[White "Segovia Sanchez, Antonio"]
[Black "Vicente Ezeiza, Mikel"]
[Result "1-0"]
[WhiteElo "2004"]
[BlackElo "1674"]

1.d4 d5 2.Nf3 Nf6 3.g3 g6 4.Bg2 Bg7 5.O-O O-O 6.c4 c6 7.Nc3 a6 8.c5 Ne4 9.
Be3 Nxc3 10.bxc3 Nd7 11.Bf4 f6 12.Bh3 e5 13.Bxd7 Bxd7 14.dxe5 fxe5 15.Bxe5
Bxe5 16.Nxe5 Bh3 17.Re1 Qf6 18.f4 Rae8 19.Qd4 Bf5 20.Rf1 Re7 21.Rf2 Be4 
22.Rd1 Rfe8 23.Rdf1 Qf5 24.e3 Rf8 25.c4 Qe6 26.Rb2 Qf5 27.Rb4 Rxe5 28.Qxe5
Qxe5 29.fxe5 Rxf1+ 30.Kxf1 Bd3+ 31.Ke1 Bxc4 32.Rxb7 h5 33.a4 1-0

[Event "XXII Open de Gros"]
[Site "Donostia"]
[Date "2012.09.22"]
[Round "3"]
[White "Orube Bona, Andoni"]
[Black "Rodriguez Cabrera, Fco. Javier"]
[Result "1/2-1/2"]
[WhiteElo "1791"]
[BlackElo "1945"]

1.Nf3 c5 2.d4 cxd4 3.Nxd4 d5 4.c4 e5 5.Nf3 d4 6.e3 Nc6 7.Be2 Bb4+ 8.Kf1 
Bf5 9.exd4 e4 10.d5 exf3 11.Bxf3 Qe7 12.dxc6 Rd8 13.Bd2 bxc6 14.Bxc6+ Kf8 
15.Bd5 Bd3+ 16.Kg1 Be4 1/2-1/2

[Event "XXII Open de Gros"]
[Site "Donostia"]
[Date "2012.09.22"]
[Round "3"]
[White "Zubia Aramburu, Mikel"]
[Black "Tung, Siu Hung"]
[Result "1/2-1/2"]
[WhiteElo "1791"]
[BlackElo "1895"]

1.c4 e5 2.Nc3 Nc6 3.g3 Nf6 4.Bg2 Bb4 5.e3 d6 6.Nge2 O-O 7.O-O Be6 8.b3 Qd7
9.d4 Bh3 10.Bb2 Bxg2 11.Kxg2 exd4 12.exd4 Rfe8 13.Nf4 Bxc3 14.Bxc3 Qf5 15.
Qf3 Ne4 16.Rfe1 g5 17.Ne2 Qg6 18.Rad1 Rad8 19.Ba1 Re7 20.Nc3 Nxc3 21.Qxc3 
Rde8 22.b4 f6 23.b5 Nb8 24.Rxe7 Rxe7 25.Qf3 Qe4 26.Qxe4 Rxe4 27.Rd2 Kf7 
1/2-1/2

[Event "XXII Open de Gros"]
[Site "Donostia"]
[Date "2012.09.22"]
[Round "3"]
[White "Elizondo Market, Juan Marcos"]
[Black "Garrido Dominguez, Jose Antoni"]
[Result "1-0"]
[WhiteElo "1873"]
[BlackElo "1592"]

1.e4 c5 2.Nf3 g6 3.d4 Bg7 4.Bc4 e6 5.d5 Nf6 6.Nc3 O-O 7.O-O d6 8.Bg5 e5 9.
h3 a6 10.a4 Qb6 11.Qd2 Bd7 12.Nh2 Qb4 13.b3 a5 14.f4 exf4 15.Rad1 Nh5 16.
Ne2 Qxd2 17.Rxd2 Na6 18.Nxf4 Bd4+ 19.Rxd4 cxd4 20.Nxh5 gxh5 21.Bf6 Nb4 22.
Rf3 h6 23.Rg3+ Kh7 24.Rg7+ Kh8 25.Rxf7+ Kg8 26.Rg7+ Kh8 27.Bxd4 Bxh3 28.
Rxb7+ Kg8 29.Rg7+ Kh8 30.Rg3+ Kh7 31.Rxh3 Rf7 32.Rxh5 Nxc2 33.Bc3 Re8 34.
Ng4 Rfe7 35.Rxh6+ Kg8 36.Bb5 Rf8 37.Rh8+ Kf7 38.Rh7+ Kg6 39.Rxe7 Rf4 40.
Be8+ 1-0

[Event "XXII Open de Gros"]
[Site "Donostia"]
[Date "2012.09.22"]
[Round "3"]
[White "Aizpurua Zufiria, Inaki"]
[Black "Izagirre Alsua, Aritz"]
[Result "1/2-1/2"]
[WhiteElo "1584"]
[BlackElo "1846"]

1.d4 d5 2.Nf3 c6 3.e3 Nf6 4.Bd3 a6 5.b3 Bg4 6.Nbd2 Nbd7 7.Bb2 e6 8.a3 Bd6 
9.h3 Bh5 10.Qc1 Rc8 11.Ne5 c5 12.c4 O-O 13.O-O Ne8 14.Qc2 Bg6 15.Nxg6 hxg6
16.f4 cxd4 17.Bxd4 e5 18.fxe5 Nxe5 19.Be2 Bb8 20.Qb2 Nc6 21.Bc3 dxc4 22.
Nxc4 Qc7 1/2-1/2

[Event "XXII Open de Gros"]
[Site "Donostia"]
[Date "2012.09.22"]
[Round "3"]
[White "Vaquero Vicente, Jose"]
[Black "Berdote Alonso, Carlos"]
[Result "1/2-1/2"]
[WhiteElo "1458"]
[BlackElo "1764"]

1.e4 g6 2.d4 Bg7 3.Nf3 d6 4.Bd3 c6 5.Bf4 Qb6 6.Bc4 Qxb2 7.Nbd2 Qb6 8.Rb1 
Qd8 9.c3 b5 10.Bb3 Nh6 11.O-O O-O 12.e5 d5 13.h3 Nd7 14.Re1 Nb6 15.Bc2 Nc4
16.Nb3 Na3 17.Rb2 Nxc2 18.Qxc2 Kh8 19.Nc5 Ng8 20.e6 Bxe6 21.Nxe6 fxe6 22.
Be5 Nf6 23.Ng5 Qd7 24.Bg3 Rac8 25.Nxe6 Rf7 26.Ng5 Rff8 27.Ne6 Rf7 1/2-1/2

[Event "XXII Open de Gros"]
[Site "Donostia"]
[Date "2012.09.22"]
[Round "3"]
[White "Espin Laborde, Jesus Maria"]
[Black "Parron Luceno, David"]
[Result "1-0"]
[WhiteElo "1739"]
[BlackElo "1580"]

1.e4 c6 2.d4 d6 3.c4 g6 4.Nf3 Bg7 5.Nc3 Bg4 6.Be2 Nd7 7.h3 Bxf3 8.Bxf3 Qb6
9.Ne2 Qb4+ 10.Qd2 Qxc4 11.b3 Qb5 12.Bb2 Ngf6 13.O-O O-O 14.Rfe1 e5 15.Rad1
c5 16.d5 Nb6 17.Qc2 Qd7 18.Ng3 Nc8 19.Rc1 Ne7 20.Rcd1 b5 21.Bc1 b4 22.Bg5 
a5 23.Be2 Rfb8 24.f4 exf4 25.Bxf4 Kh8 26.Bc4 Nfg8 27.e5 dxe5 28.Bxe5 Bxe5 
29.Rxe5 Qd6 30.Re3 Nh6 31.Qb2+ Kg8 32.Ne4 Qf4 33.Nf6+ Kf8 34.Rf3 Qd6 35.
Nxh7+ Ke8 36.Nf6+ Kd8 37.Ne4 Qd7 38.Qh8+ Nhg8 39.Rxf7 Kc7 40.Nxc5 Qd6 41.
Ne4 Qb6+ 42.Kh1 Rd8 43.Qe5+ Kb7 44.Rxe7+ Nxe7 45.Qxe7+ Qc7 46.Nc5+ Kb6 47.
Qxc7+ Kxc7 48.Ne6+ 1-0

[Event "XXII Open de Gros"]
[Site "Donostia"]
[Date "2012.09.22"]
[Round "3"]
[White "Sanchez Merino, Christian"]
[Black "Abalia Patino, Aritz"]
[Result "0-1"]
[WhiteElo "1703"]
[BlackElo "1610"]

1.e4 c5 2.f4 e6 3.Nf3 Nc6 4.d3 Be7 5.g3 Nf6 6.Bg2 d6 7.O-O b5 8.Nc3 b4 9.
Nb5 Qb6 10.Nxd6+ Bxd6 11.e5 Be7 12.exf6 Bxf6 13.Kh1 Bb7 14.Re1 O-O 15.Qe2 
Rac8 16.Ne5 Nd4 17.Qf2 Bxe5 18.Rxe5 f6 19.Re1 Bxg2+ 20.Qxg2 Qc6 21.Rb1 
Nxc2 22.Re4 f5 23.Qxc2 fxe4 24.dxe4 c4 25.Be3 b3 26.axb3 cxb3 27.Qxc6 Rxc6
28.Bxa7 Rc4 29.e5 Rfc8 30.Kg2 Rc1 31.Rxc1 Rxc1 32.Bd4 Rc4 0-1

[Event "XXII Open de Gros"]
[Site "Donostia"]
[Date "2012.09.22"]
[Round "3"]
[White "Cejudo Urdampilleta, Jose Manuel"]
[Black "Vadillo Jueguen, Jon"]
[Result "1-0"]
[WhiteElo "1675"]
[BlackElo "1574"]

1.d4 c5 2.d5 Nf6 3.c4 g6 4.Nc3 Bg7 5.e4 d6 6.Nf3 Bg4 7.Be2 Bxf3 8.Bxf3 O-O
9.O-O Nbd7 10.Bf4 Qa5 11.Qc2 a6 12.Be2 Rab8 13.Bd2 Qd8 14.h3 Ne8 15.a4 Nc7
16.f4 Bd4+ 17.Kh2 e5 18.dxe6 fxe6 19.Be1 g5 20.Bg3 Be3 21.f5 e5 22.Rad1 
Nf6 23.Bxe5 g4 24.Bxd6 gxh3 25.gxh3 Nce8 26.Rg1+ Bxg1+ 27.Rxg1+ Kh8 28.
Bxf8 Qc7+ 29.Kh1 Qf7 30.Bxc5 Ng7 31.e5 Nfh5 32.e6 Qc7 33.Bxh5 Nxh5 34.Bd4+
1-0

[Event "XXII Open de Gros"]
[Site "Donostia"]
[Date "2012.09.23"]
[Round "4"]
[White "Franco Alonso, Alejandro"]
[Black "Argandona Riveiro, Inigo"]
[Result "1/2-1/2"]
[WhiteElo "2479"]
[BlackElo "2394"]

1.c4 c5 2.Nf3 Nc6 3.Nc3 Nf6 4.g3 b6 5.Bg2 Bb7 6.O-O g6 7.e3 Bg7 8.d4 cxd4 
9.exd4 O-O 10.Bg5 Na5 11.b3 h6 12.Bxf6 Bxf6 13.Qd2 Bg7 14.Rfe1 Rc8 15.Rac1
Bxf3 16.Bxf3 Nc6 17.Ne2 d6 18.d5 Ne5 19.Bg2 Qc7 20.Nd4 Qc5 21.Rcd1 Rc7 22.
h3 Re8 23.Kh1 a5 24.Re4 Nd7 25.Nb5 Rb7 26.Rde1 Nf6 27.R4e2 Kf8 28.f4 Qb4 
29.Qe3 a4 30.Nd4 axb3 31.axb3 Qc5 32.Qd3 Nh5 33.Ne6+ fxe6 34.Qxg6 Nf6 35.
b4 Qc8 36.dxe6 Kg8 37.g4 Rf8 38.g5 hxg5 39.fxg5 Rc7 40.gxf6 Rxf6 41.Qg5 
Rxc4 42.Bd5 Rc3 43.Kh2 Qf8 44.Rg1 Rf5 45.Qg2 Rh5 46.Re4 Rcxh3+ 47.Qxh3 
Rxh3+ 48.Kxh3 Qf3+ 49.Kh4 Qf2+ 50.Rg3 Kf8 51.Kg4 Qd2 52.Rf3+ Kg8 53.Rf5 
1/2-1/2

[Event "XXII Open de Gros"]
[Site "Donostia"]
[Date "2012.09.23"]
[Round "4"]
[White "Hernandez, Elvis"]
[Black "Segovia Sanchez, Antonio"]
[Result "1/2-1/2"]
[WhiteElo "2289"]
[BlackElo "2004"]

1.e4 c6 2.d4 d5 3.f3 g6 4.Nc3 Bg7 5.Be3 a6 6.Qd2 b5 7.a3 Bb7 8.h4 Nd7 9.h5
Qc7 10.e5 e6 11.Nh3 Ne7 12.g4 Nc8 13.Bh6 Bf8 14.Bxf8 Rxf8 15.Ng5 c5 16.f4 
cxd4 17.Qxd4 h6 18.Nf3 g5 19.O-O-O Na7 20.fxg5 Nc6 21.Qf4 Ncxe5 22.Kb1 
hxg5 23.Nxg5 O-O-O 24.Rh3 Qc5 25.Ne2 Nc4 26.Qd4 Qd6 27.Nc1 Nde5 28.Rc3 Kb8
29.Nb3 Rc8 30.Nh7 Rfd8 31.Nf6 Rc7 32.h6 Rdc8 33.Nc1 Qe7 34.g5 b4 35.axb4 
Qxb4 36.Rb3 Qa5 37.Bxc4 Nxc4 38.h7 e5 39.Qc3 Qc5 40.Ng8 d4 41.Qb4 Na3+ 42.
Qxa3 Qxc2+ 43.Ka2 Qxd1 44.h8=Q Rxc1 45.Rxb7+ Kxb7 46.Qb3+ Qxb3+ 47.Kxb3 
R8c5 48.Qf6 Rb5+ 49.Ka2 Ra5+ 1/2-1/2

[Event "XXII Open de Gros"]
[Site "Donostia"]
[Date "2012.09.23"]
[Round "4"]
[White "Martinet, Regis"]
[Black "Guerrero Itarte, Alfredo"]
[Result "1-0"]
[WhiteElo "2080"]
[BlackElo "1862"]

1.d4 Nf6 2.c4 g6 3.Nc3 Bg7 4.e4 d6 5.f4 O-O 6.Nf3 c5 7.d5 e6 8.Be2 exd5 9.
cxd5 b5 10.e5 dxe5 11.fxe5 Ng4 12.Bg5 f6 13.exf6 Bxf6 14.Qd2 b4 15.Ne4 Re8
16.Nxf6+ Nxf6 17.d6 Bb7 18.O-O Ne4 19.Bc4+ Kh8 20.Bxd8 1-0

[Event "XXII Open de Gros"]
[Site "Donostia"]
[Date "2012.09.23"]
[Round "4"]
[White "Rodriguez Cabrera, Fco. Javier"]
[Black "Zubia Aramburu, Mikel"]
[Result "1/2-1/2"]
[WhiteElo "1945"]
[BlackElo "1791"]

1.e4 c6 2.d4 d5 3.Nd2 dxe4 4.Nxe4 Nf6 5.Nxf6+ exf6 6.Bc4 Bf5 7.Bf4 Be7 8.
Ne2 Nd7 9.Ng3 Bg6 10.h4 h6 11.h5 Bh7 12.Qg4 Rg8 13.O-O-O Nb6 14.Bd3 Bxd3 
15.Rxd3 Kf8 16.Nf5 Nd5 17.Rg3 Nxf4 18.Qxf4 Qd5 19.Nxe7 Kxe7 20.Qc7+ Kf8 
21.Re1 g5 22.hxg6 Rxg6 23.Rxg6 fxg6 24.Qe7+ Kg8 25.Qxf6 Qxg2 26.Re7 Qg5+ 
27.Qxg5 hxg5 28.Rxb7 Rf8 29.Rxa7 Rxf2 30.Ra6 g4 31.Rxc6 Kg7 32.Rc3 Kf6 33.
a4 Kf5 34.Kd1 Kf4 35.d5 g3 36.Ke1 Rh2 37.Kf1 Rd2 38.d6 Rd1+ 39.Ke2 Rxd6 
1/2-1/2

[Event "XXII Open de Gros"]
[Site "Donostia"]
[Date "2012.09.23"]
[Round "4"]
[White "Tung, Siu Hung"]
[Black "Orube Bona, Andoni"]
[Result "1-0"]
[WhiteElo "1895"]
[BlackElo "1791"]

1.e4 c5 2.Nf3 g6 3.d4 cxd4 4.Nxd4 Nc6 5.Be3 Nf6 6.Nc3 Bg7 7.Be2 O-O 8.Qd2 
d5 9.Nxc6 bxc6 10.e5 Ng4 11.Bxg4 Bxg4 12.h3 Bf5 13.f4 f6 14.g4 Be6 15.f5 
gxf5 16.Bh6 d4 17.Ne2 Qd5 18.Rg1 fxg4 19.hxg4 Qxe5 20.Bxg7 Kxg7 21.O-O-O 
c5 22.Nf4 Bf7 23.Rde1 Qd6 24.Rh1 c4 25.Ne6+ Kg8 26.Qh6 1-0

[Event "XXII Open de Gros"]
[Site "Donostia"]
[Date "2012.09.23"]
[Round "4"]
[White "Lazkano Gaite, Tomas"]
[Black "Aranzabal Minguez, Alex"]
[Result "0-1"]
[WhiteElo "1712"]
[BlackElo "1881"]

1.d4 d5 2.Nf3 c6 3.c4 e6 4.Nc3 f5 5.g4 Nf6 6.gxf5 exf5 7.cxd5 cxd5 8.Bg5 
Bb4 9.Ne5 Qa5 10.Bd2 Ne4 11.Nxe4 fxe4 12.e3 O-O 13.Rc1 Nd7 14.Bc3 Nxe5 15.
dxe5 Bxc3+ 16.Rxc3 Qxa2 17.Ra3 Qxb2 18.Qxd5+ Kh8 19.Ra2 Qb1+ 20.Kd2 Bg4 
21.Be2 Qb4+ 22.Kc1 Rac8+ 23.Rc2 Bxe2 24.Qd7 Rxc2+ 25.Kxc2 Bd3+ 0-1

[Event "XXII Open de Gros"]
[Site "Donostia"]
[Date "2012.09.23"]
[Round "4"]
[White "Elduayen Echave, Ramon"]
[Black "Elizondo Market, Juan Marcos"]
[Result "1/2-1/2"]
[WhiteElo "1661"]
[BlackElo "1873"]

1.e4 c5 2.c3 d5 3.exd5 Qxd5 4.d4 Nc6 5.Nf3 Bf5 6.Be3 O-O-O 7.Qb3 Qxb3 8.
axb3 cxd4 9.Nxd4 Nxd4 10.Bxd4 a6 11.b4 Bxb1 12.Rxb1 f6 13.b5 axb5 14.Ra1 
Kc7 15.Bxb5 Nh6 16.O-O-O Nf7 17.Bc4 e5 18.Bxf7 exd4 19.Rxd4 Bc5 20.Rxd8 
Rxd8 21.Rf1 Bd6 22.g3 Bc5 23.Kc2 Rd7 24.Be6 Rd6 25.Bg4 b5 26.h3 b4 27.cxb4
1/2-1/2

[Event "XXII Open de Gros"]
[Site "Donostia"]
[Date "2012.09.23"]
[Round "4"]
[White "Abalia Patino, Aritz"]
[Black "Izagirre Alsua, Aritz"]
[Result "1-0"]
[WhiteElo "1610"]
[BlackElo "1846"]

1.e4 c5 2.Nf3 d6 3.d4 cxd4 4.Nxd4 Nf6 5.Nc3 a6 6.Bc4 Qc7 7.Bb3 e6 8.Bg5 
Be7 9.O-O O-O 10.Kh1 Nc6 11.f4 b5 12.Nxc6 Qxc6 13.e5 b4 14.exf6 Bxf6 15.
Bxf6 gxf6 16.Nd5 Qc5 17.Qg4+ Kh8 18.Nxf6 Qd4 19.Qd1 1-0

[Event "XXII Open de Gros"]
[Site "Donostia"]
[Date "2012.09.23"]
[Round "4"]
[White "Berdote Alonso, Carlos"]
[Black "Aizpurua Zufiria, Inaki"]
[Result "1-0"]
[WhiteElo "1764"]
[BlackElo "1584"]

1.d4 d5 2.e3 Nf6 3.Bd3 Bg4 4.Ne2 Nc6 5.h3 Bh5 6.f4 Bxe2 7.Bxe2 e6 8.Nd2 
Bb4 9.c3 Be7 10.O-O O-O 11.Bd3 a6 12.Qf3 g6 13.g4 Kh8 14.Rf2 Nd7 15.Rg2 f5
16.g5 Rf7 17.a3 Kg7 18.Qg3 Qh8 19.c4 Rg8 20.b4 Kf8 21.Bb2 Ke8 22.cxd5 exd5
23.Rc1 Bf8 24.Bxa6 Nxb4 25.Bxb7 Nd3 26.Rxc7 Nxb2 27.Bxd5 Kd8 28.Rb7 Bg7 
29.Bxf7 Rf8 30.Be6 Bxd4 31.Rxd7+ 1-0

[Event "XXII Open de Gros"]
[Site "Donostia"]
[Date "2012.09.23"]
[Round "4"]
[White "Vicente Ezeiza, Mikel"]
[Black "Vaquero Vicente, Jose"]
[Result "1-0"]
[WhiteElo "1674"]
[BlackElo "1458"]

1.Nc3 e5 2.Nf3 d6 3.e4 Bg4 4.Be2 Nf6 5.d4 Be7 6.dxe5 Bxf3 7.Bxf3 dxe5 8.
Bg5 O-O 9.Qxd8 Rxd8 10.Bxf6 Bxf6 11.Nd5 Nd7 12.Bg4 c6 13.Nc3 Nb6 14.Be2 
Rd6 15.O-O Rad8 16.Rad1 Rd2 17.Rxd2 Rxd2 18.Bd3 Be7 19.Nb1 Rxd3 20.cxd3 
Bc5 21.Nd2 Na4 22.Nf3 Nxb2 23.Nxe5 Bd4 24.Nf3 Bb6 25.d4 f6 26.Rb1 Nc4 27.
Rc1 Nd6 28.d5 c5 29.Nd2 a5 30.Nc4 Bc7 31.Nxd6 Bxd6 32.Rb1 1-0

[Event "XXII Open de Gros"]
[Site "Donostia"]
[Date "2012.09.23"]
[Round "4"]
[White "Parron Luceno, David"]
[Black "Santos Martinez, Juan Maria"]
[Result "1-0"]
[WhiteElo "1580"]
[BlackElo "1389"]

1.b4 e5 2.a3 Nf6 3.Bb2 d6 4.c4 Nbd7 5.e3 Be7 6.g3 c6 7.Bg2 O-O 8.d3 Qc7 9.
Nd2 b6 10.b5 Bb7 11.e4 cxb5 12.cxb5 Nc5 13.Qe2 Rac8 14.Ngf3 h6 15.O-O Na4 
16.Rac1 Qd7 17.Rxc8 Rxc8 18.Rb1 Nxb2 19.Rxb2 Rc1+ 20.Nf1 Bc8 21.a4 Qb7 22.
Nd2 Be6 23.Nc4 Qd7 24.Qd2 Ra1 25.Ra2 Rxa2 26.Qxa2 Bh3 27.Nfe3 Bxg2 28.Kxg2
Ng4 29.Nd5 Bf8 30.f3 Nf6 31.Nxf6+ gxf6 32.Ne3 Qe6 33.Qc2 Qd7 34.Qc6 Qe6 
35.Nd5 f5 36.Qb7 fxe4 37.dxe4 f5 38.Qxa7 f4 39.Qxb6 1-0

[Event "XXII Open de Gros"]
[Site "Donostia"]
[Date "2012.09.23"]
[Round "4"]
[White "Jauregi Barandiaran, Jon"]
[Black "Sanchez Merino, Christian"]
[Result "1-0"]
[WhiteElo "1567"]
[BlackElo "1703"]

1.e4 e6 2.d3 c5 3.Nf3 Nc6 4.c3 Be7 5.Nbd2 Nf6 6.g3 d6 7.Bg2 O-O 8.O-O Qc7 
9.Re1 Rd8 10.Nf1 b6 11.d4 Ba6 12.d5 exd5 13.exd5 Ne5 14.Nxe5 dxe5 15.Ne3 
Bb7 16.c4 g6 17.Ng4 Nxg4 18.Qxg4 f5 19.Qe2 e4 20.Bf4 Bd6 21.Bxd6 Qxd6 22.
Qd2 Kg7 23.f3 b5 24.b3 bxc4 25.bxc4 Ba6 26.Rac1 Qe5 27.fxe4 Qd4+ 28.Qxd4+ 
cxd4 29.e5 Rac8 30.Bf1 Bb7 31.Red1 Re8 32.e6 Rcd8 33.Rd2 Kf6 34.Re1 Bc8 
35.Red1 f4 36.gxf4 g5 37.Rxd4 gxf4 38.Rxf4+ Ke5 39.Rf7 Rg8+ 40.Kf2 Rd6 41.
Re1+ Kd4 42.e7 Re8 43.Rf8 Bg4 44.Rxe8 Rf6+ 45.Kg3 Rg6 46.Kf4 Bd7 47.Rf8 
Rg4+ 48.Kf3 1-0

[Event "XXII Open de Gros"]
[Site "Donostia"]
[Date "2012.09.23"]
[Round "4"]
[White "Irulegi Garmendia, Jose Antoni"]
[Black "Sebastiani Paoli, Ruben"]
[Result "0-1"]
[WhiteElo "1514"]
[BlackElo "1564"]

1.e4 d6 2.d4 g6 3.Nf3 Bg7 4.Bc4 e6 5.O-O Bd7 6.Nc3 Nc6 7.Bg5 f6 8.Be3 Na5 
9.Bb5 a6 10.Be2 Nc6 11.a3 Qe7 12.d5 Ne5 13.Nxe5 fxe5 14.Bc4 Nf6 15.f3 O-O 
16.dxe6 Bxe6 17.Bxe6+ Qxe6 18.Nd5 Qd7 19.b4 Kh8 20.Qd2 Rad8 21.c4 c6 22.
Nxf6 Bxf6 23.Rad1 Qe6 24.Qc1 Bh4 25.g3 Be7 26.Kg2 Rf7 27.Rf2 Rg8 28.c5 g5 
29.cxd6 Bxd6 30.Bxg5 Rg6 31.Be3 h5 32.f4 exf4 33.Bxf4 Qxe4+ 34.Kg1 Bxf4 
35.Rxf4 Qxf4 36.Qxf4 Rxf4 37.Rd8+ Kh7 38.Rd7+ Kh6 39.Rxb7 Rf3 40.Kg2 Rxa3 
0-1

[Event "XXII Open de Gros"]
[Site "Donostia"]
[Date "2012.09.24"]
[Round "5"]
[White "Argandona Riveiro, Inigo"]
[Black "Martinet, Regis"]
[Result "1-0"]
[WhiteElo "2394"]
[BlackElo "2080"]

1.Nf3 c5 2.e4 Nc6 3.d4 cxd4 4.Nxd4 Nf6 5.Nc3 e5 6.Ndb5 d6 7.Bg5 a6 8.Na3 
b5 9.Bxf6 gxf6 10.Nd5 Bg7 11.Bd3 Ne7 12.Nxe7 Qxe7 13.O-O f5 14.exf5 Bb7 
15.Re1 d5 16.c3 Qg5 17.Qc1 Qh5 18.Qe3 O-O 19.f6 d4 20.Qg3 1-0

[Event "XXII Open de Gros"]
[Site "Donostia"]
[Date "2012.09.24"]
[Round "5"]
[White "Segovia Sanchez, Antonio"]
[Black "Franco Alonso, Alejandro"]
[Result "0-1"]
[WhiteElo "2004"]
[BlackElo "2479"]

1.d4 c5 2.c3 Nf6 3.Nf3 b6 4.Bf4 g6 5.h3 Bg7 6.e3 O-O 7.Nbd2 d6 8.Be2 Bb7 
9.O-O Nbd7 10.Bh2 Re8 11.b4 Rc8 12.Qb3 Bd5 13.Qb2 Rc7 14.a4 Ne4 15.Nxe4 
Bxe4 16.Ng5 Bd5 17.e4 Ba8 18.Bc4 Rf8 19.Qb3 Qe8 20.dxc5 bxc5 21.Rae1 cxb4 
22.cxb4 Nb6 23.Bb5 Qc8 24.e5 Rc3 25.Qb1 a6 26.Bd3 Nxa4 27.exd6 exd6 28.Ne4
Qb7 29.f3 Rc6 30.Rc1 d5 31.Nc5 Nxc5 32.Rxc5 Bd4+ 0-1

[Event "XXII Open de Gros"]
[Site "Donostia"]
[Date "2012.09.24"]
[Round "5"]
[White "Aranzabal Minguez, Alex"]
[Black "Tung, Siu Hung"]
[Result "1-0"]
[WhiteElo "1881"]
[BlackElo "1895"]

1.d4 d6 2.Nf3 g6 3.c4 Bg7 4.Bf4 c5 5.e3 Nc6 6.Nc3 cxd4 7.exd4 Bg4 8.d5 Ne5
9.Be2 Nxf3+ 10.Bxf3 Bxf3 11.Qxf3 Rc8 12.O-O Rxc4 13.Rfe1 a6 14.Ne4 Kf8 15.
Qe2 Rc8 16.Rac1 Rxc1 17.Rxc1 Nf6 18.Nxd6 Nxd5 19.Rc8 Qxc8 20.Nxc8 Nxf4 21.
Qxe7+ Kg8 22.Qe8+ Bf8 23.Nd6 1-0

[Event "XXII Open de Gros"]
[Site "Donostia"]
[Date "2012.09.24"]
[Round "5"]
[White "Rodriguez Cabrera, Fco. Javier"]
[Black "Hernandez, Elvis"]
[Result "0-1"]
[WhiteElo "1945"]
[BlackElo "2289"]

1.e4 e6 2.d4 d5 3.Nd2 c5 4.Ngf3 cxd4 5.Nxd4 Nf6 6.e5 Nfd7 7.N2f3 Nc6 8.
Nxc6 bxc6 9.Be3 Qc7 10.Bf4 Rb8 11.Qc1 Bc5 12.b3 Ba6 13.Bxa6 Qa5+ 14.c3 
Qxa6 15.Qd1 Ba3 16.Rb1 Nc5 17.c4 Bb4+ 18.Bd2 Nd3+ 19.Kf1 Bxd2 20.Nxd2 O-O 
21.Qe2 dxc4 22.Nxc4 Qxc4 23.Rd1 Qa6 24.Ra1 Nf4 0-1

[Event "XXII Open de Gros"]
[Site "Donostia"]
[Date "2012.09.24"]
[Round "5"]
[White "Riesco Lecuona, Juan Manuel"]
[Black "Espin Laborde, Jesus Maria"]
[Result "1-0"]
[WhiteElo "1908"]
[BlackElo "1739"]

1.e4 c5 2.Nf3 d6 3.d4 cxd4 4.Nxd4 Nf6 5.Nc3 a6 6.Bg5 e6 7.f4 Be7 8.Qf3 Qc7
9.O-O-O Nc6 10.Nxc6 bxc6 11.e5 dxe5 12.fxe5 Nd5 13.Bxe7 Qxe7 14.Ne4 O-O 
15.h4 f6 16.exf6 Nxf6 17.Nxf6+ gxf6 18.Qxc6 Bb7 19.Qd7 Rfe8 20.Qxe7 Rxe7 
21.Bc4 Kg7 22.Rhe1 e5 23.Re3 f5 24.Rg3+ Kh8 25.Rd6 f4 26.Rg4 f3 27.gxf3 
Bxf3 28.Rg3 Bb7 29.Kd2 a5 30.Ke3 Rb8 31.Rb6 Ra8 32.Rxb7 Rxb7 33.Bd5 Rab8 
34.Bxb7 Rxb7 35.b3 a4 36.Ke4 Rb4+ 37.c4 axb3 38.axb3 1-0

[Event "XXII Open de Gros"]
[Site "Donostia"]
[Date "2012.09.24"]
[Round "5"]
[White "Cejudo Urdampilleta, Jose Manuel"]
[Black "Bello Castano, Diego"]
[Result "0-1"]
[WhiteElo "1675"]
[BlackElo "1879"]

1.d4 c6 2.c4 d5 3.Nc3 Nf6 4.Nf3 e6 5.Bg5 Nbd7 6.e3 Be7 7.Bd3 dxc4 8.Bxc4 
b5 9.Bb3 a6 10.O-O Bb7 11.Qe2 c5 12.Rfd1 Qb6 13.Rac1 O-O 14.e4 cxd4 15.
Nxd4 Bc5 16.Nf3 Bc6 17.a4 b4 18.a5 Qxa5 19.Bxf6 Nxf6 20.Ra1 Qb6 21.Na4 
Bxa4 22.Bxa4 a5 23.Ne5 Rfd8 24.Rac1 Rac8 25.Nc4 Qa7 26.Kf1 h6 27.f3 Bd4 
28.g3 e5 29.Kg2 Qa6 30.Bb3 Nd7 31.Ra1 Rc5 32.Qd3 Nb6 33.Nxe5 Qxd3 34.Nxd3 
Rb5 35.f4 Ra8 36.Bd5 Nxd5 37.exd5 Rd8 38.Ne5 Bxe5 39.fxe5 Rbxd5 40.Re1 Re8
41.b3 Rdxe5 42.Rec1 Re2+ 43.Kh3 Rb2 44.Rxa5 Rxb3 45.Rc7 Rf3 46.Rb5 b3 47.
Kg4 Rf2 48.h4 Re4+ 49.Kh3 b2 50.h5 Re1 51.Rcb7 Rh1+ 52.Kg4 f5+ 53.Rxf5 
Rxf5 0-1

[Event "XXII Open de Gros"]
[Site "Donostia"]
[Date "2012.09.24"]
[Round "5"]
[White "Elizondo Market, Juan Marcos"]
[Black "Berdote Alonso, Carlos"]
[Result "1/2-1/2"]
[WhiteElo "1873"]
[BlackElo "1764"]

1.e4 c5 2.Nf3 d6 3.d4 cxd4 4.Nxd4 a6 5.Nc3 Nf6 6.Be2 Nc6 7.Be3 g6 8.O-O 
Bg7 9.f4 O-O 10.Bf3 Qb6 11.Na4 Qc7 12.Nxc6 bxc6 13.Nb6 Rb8 14.Nxc8 Rfxc8 
15.Bd4 Nd7 16.Bg4 Rd8 17.Bxd7 Rxd7 18.Bxg7 Kxg7 19.b3 Rb4 20.Qf3 f6 21.f5 
d5 22.exd5 Rxd5 23.fxg6 hxg6 24.c4 Rh5 25.h3 Rb8 26.Rae1 Rf5 27.Qe3 Rxf1+ 
28.Kxf1 e5 29.Rd1 Re8 30.Qd3 Re7 31.c5 Kf7 32.Qc4+ Kg7 33.Rd6 Qc8 34.Qd3 
e4 35.Qe3 Qf5+ 36.Kg1 Qe5 37.Rxc6 Qa1+ 38.Kh2 Qe5+ 39.Kh1 Qa1+ 1/2-1/2

[Event "XXII Open de Gros"]
[Site "Donostia"]
[Date "2012.09.24"]
[Round "5"]
[White "Guerrero Itarte, Alfredo"]
[Black "Vicente Ezeiza, Mikel"]
[Result "0-1"]
[WhiteElo "1862"]
[BlackElo "1674"]

1.d4 d5 2.Nf3 Nf6 3.c4 c6 4.Nc3 g6 5.Bf4 Bg7 6.cxd5 Nxd5 7.Bxb8 Rxb8 8.g3 
O-O 9.Bg2 Qa5 10.Qd2 Nxc3 11.bxc3 Rd8 12.O-O c5 13.Qf4 Be6 14.e4 cxd4 15.
cxd4 Rbc8 16.d5 Bxa1 17.dxe6 Bf6 18.e5 Bg7 19.Qxf7+ Kh8 20.Qxe7 Qc7 21.Qh4
Bxe5 22.Ng5 Bf6 23.Nf7+ Qxf7 24.exf7 Bxh4 25.gxh4 Kg7 26.Bxb7 Rc2 0-1

[Event "XXII Open de Gros"]
[Site "Donostia"]
[Date "2012.09.24"]
[Round "5"]
[White "Sarasola Ouvina, Javier"]
[Black "Abalia Patino, Aritz"]
[Result "1-0"]
[WhiteElo "1842"]
[BlackElo "1610"]

1.e4 c5 2.f4 e6 3.Nf3 Nc6 4.Nc3 Nf6 5.Bb5 Qc7 6.d3 a6 7.Bxc6 Qxc6 8.O-O c4
9.Ne5 Qb6+ 10.d4 d5 11.exd5 exd5 12.Re1 Be7 13.Nf3 Qd8 14.Qe2 Bf5 15.b3 
Rc8 16.Ba3 Ne4 17.Bxe7 Kxe7 18.Nh4 Kf8 19.Nxf5 Nxc3 20.Qd2 Ne4 21.Qb4+ Kg8
22.Ne7+ Kf8 23.Nxc8+ Ke8 24.Nd6+ Kd7 25.Nxf7 Qh4 26.Qxb7+ Ke6 27.Nxh8 Qf2+
28.Kh1 Qxd4 29.Qxa6+ Kd7 30.Qb7+ Kd6 31.Nf7+ Ke6 32.Ng5+ Kf6 33.Qf7# 1-0

[Event "XXII Open de Gros"]
[Site "Donostia"]
[Date "2012.09.24"]
[Round "5"]
[White "Parron Luceno, David"]
[Black "Puga Senar, Fernando"]
[Result "1/2-1/2"]
[WhiteElo "1580"]
[BlackElo "1808"]

1.Nf3 Nf6 2.g3 d5 3.Bg2 Nc6 4.c3 e5 5.d3 Be7 6.O-O O-O 7.Qc2 Bf5 8.Nh4 Be6
9.Nf3 Qc8 10.Nbd2 Bh3 11.e4 Bxg2 12.Kxg2 Qd7 13.b4 b5 14.Re1 d4 15.a3 a5 
16.Bb2 Rfe8 17.cxd4 Nxd4 18.Nxd4 exd4 19.bxa5 c5 20.a4 Rec8 21.axb5 Qxb5 
22.Nc4 Rcb8 23.Bc1 Bd8 24.Bf4 Qb3 25.Qxb3 Rxb3 26.Red1 h6 27.Bd6 Nd7 28.
Rab1 Rc3 29.Rb7 Nf6 30.Bxc5 Nxe4 31.Bxd4 Rc2 32.dxe4 Rxc4 33.Bb6 Bxb6 34.
axb6 Rxe4 35.Rdd7 Rf8 36.Rbc7 Ree8 37.b7 Rb8 38.Kf3 g6 39.Ke4 Kg7 40.f4 h5
41.f5 g5 42.Kf3 Kf6 43.g4 h4 44.h3 Rbe8 45.Rc6+ Ke5 46.Rd2 Rb8 47.Rb2 Kd5 
48.Ra6 Kc5 49.f6 Rg8 50.Ra5+ Kc6 51.Rbb5 Rxb7 52.Rc5+ Kd6 53.Rcb5 Rxb5 54.
Rxb5 Ke6 55.Rb6+ Ke5 1/2-1/2